Responses for show #3106 - Monday, February 16, 1998

(Alex: Your chance to become a millionaire with Jeopardy! and Sears, so get ready to Play & Win!)

Contestants

Ashley Mason, a pre-med student originally from Gadsden, Alabama

Bill Harris, a baker from Cape Porpoise, Maine

Corey Burke, a stage carpenter originally from Goshen, Connecticut (whose 2-day cash winnings total $18,400)

Jeopardy! Round responses

STATE NICKNAMES
SPORTS
ICEBERGS
GOLDBERGS
GERTRUDE STEIN SAYS...
"OY"!
    $100 5
Florida

Ashley
    $100 4
Tommy Lasorda

Bill
    $100 9
Titanic

Ashley
    $100 25
(Alex: And we have a minute left in the round.)

Whoopi Goldberg

Corey
    $100 1
rose

Corey
    $100 18
annoy

Ashley
    $200 13
Pennsylvania

Bill
    $200 6
(Corey: Who are the Devils?)

Detroit Red Wings

CoreyAshley
    $200 14
tip

Ashley
    $200 2
Paris

Corey
    $200 19
[ERRATUM: The interpretation of the word as deriving from corde du roi is a false etymology. Duroy was a coarse woollen cloth made in England in the 18th century.]

corduroy

Ashley
    $300 15
(Bill: What is Indiana?)

Nebraska

CoreyBill
    $300 7
Dan Marino

Ashley
    $300 23
Coast Guard

Bill
    $300 28
[The end-of-round signal sounds.]

Rube Goldberg

Ashley
    $300 3
Ernest Hemingway

Ashley
    $300 20
The Bellboy

Triple Stumper
    $400 16
Alaska

Corey
    $400 8
Chris Evert

Bill
    $400 24
(Bill: What is the Arctic?)

Antarctica

Bill
Triple Stumper
    $400 27
The Goldberg Variations (by J.S. Bach)

Bill
    $400 11
(Corey: What are doughboys?)

"The Lost Generation"

Corey
Triple Stumper
    $400 21
envoy

Bill
    $500 17
(Ashley: What is Alabama?)

Georgia

Ashley
Triple Stumper
    $500 10
gymnastics

Corey
    $500 26
(Ashley: What is the Senate?)

U.S. Supreme Court

BillAshley
    $500 12
(Bill: What is Long Beach?)
...
(Alex: You've just alienated a few hundred thousand people in that community!)

Oakland, California

Bill
Triple Stumper
    $500 22
"Oyez!"

Corey

Scores at the first commercial break (after clue 13):

Corey Bill Ashley
$200 $200 $1,000

Scores at the end of the Jeopardy! Round:

Corey Bill Ashley
$1,500 $1,100 $800

Double Jeopardy! Round responses

HISTORY
AMERICAN HODGEPODGE
ACTORS & THEIR FILMS
BALLET IN THE '90s
COMMUNISTS
7-LETTER WORDS
    $200 7
China

Corey
    $200 18
New Orleans

Bill
    $200 1
Meg Tilly

Ashley
    $200 8
Leon Trotsky

Corey
    $200 6
Whopper

Corey
    $400 14
Vatican City

Corey
    $400 22
(Big Island of) Hawaii

Corey
    $400 2
Funny Girl & Funny Lady

Bill
    $400 9
Richard Wright

Ashley
    $400 10
hexagon

Corey
    $600 15
(Corey: Who is John Smith?)
(B: Who is Alden?)

John Rolfe

CoreyBill
Triple Stumper
    $600 19
John James Audubon

Bill
    $1,000 3
(Bill: Who is Glenn Harris?)
...
(Alex: He played John Glenn in the movie The Right Stuff.)
(Bill: LONG BEACH for $800 please!)

Ed Harris

Bill
    $600 11
(Ashley: What is the Chicago 7?)
(B: What is the Hollywood 7?)

"The Hollywood 10"

BillAshley
Triple Stumper
    $600 23
(Alex: And we have a minute to go.)

Satchel

Bill
    $800 16
Edward the Confessor (Edward III)

Corey
    $800 20
Providence & Newport

Corey
    $800 4
Man of La Mancha

Corey
    $800 26
[The end-of-round signal sounds.]

Wynton Marsalis

Triple Stumper
    $800 12
Pol Pot

Corey
    $1000 17
(Ashley: What is Holland?)

Denmark

Ashley
Triple Stumper
    $1000 21
James Madison

Bill
    $1000 5
Cape Fear

Ashley
    $700 25
Swan Lake

Ashley
    $1000 13
(Ashley: What is the DNC?)
(Alex: No, I don't think it was the Democratic National Committee!)

ANC (African National Congress)

CoreyAshley
    $1000 24
layette

Ashley

Scores at the end of the Double Jeopardy! Round:

Corey Bill Ashley
$6,900 $1,700 $1,500
(lock game)

[wagering suggestions for these scores]

Final Jeopardy! Round responses

POPULAR FICTION
AshleyWho is E.B. White?
$1,500
BillWho is Ian Fleming?
$1,300
CoreyWho is Jay Duckworth
$900
Ian Fleming

Final scores:

Corey Bill Ashley
$6,000 $3,000 $0
3-day champion: $24,400 2nd place: Sears Gift Certificates 3rd place: Sears Gift Certificates

Game dynamics:

Coryat scores:

Corey Bill Ashley
$6,900 $2,700 $1,800
18 R,
3 W
12 R
(including 1 DD),
6 W
(including 1 DD)
14 R
(including 1 DD),
5 W

Combined Coryat: $11,400

The J! Archive is created by fans, for fans. The Jeopardy! game show and all elements thereof, including but not limited to copyright and trademark thereto, are the property of Jeopardy Productions, Inc. and are protected under law. This website is not affiliated with, sponsored by, or operated by Jeopardy Productions, Inc. Join the discussion at JBoard.tv.